Paseando con los dinosaurios

¿Cómo se originó el mundo? ¿Quiénes fueron sus primeros habitantes? Hubo un tiempo en que los grandes reptiles gobernaron el mundo terrestre, aéreo y marino. Paseando con los dinosaurios da vida a estas enormes criaturas que precedieron a los animales que nos rodean. Una producción de la BBC que rec...

Descripción completa

Guardado en:
Autores Corporativos: Canal Encuentro., Ministerio de Educación Ciencia y Tecnología., Educ.ar., BBC.
Otros Autores: Lippenholtz, Betina; Productora delegada., Gómez Ortega, Mateo; Dirección general del proyecto.
Formato: Deslizar
Idioma:Undetermined
Publicado: Buenos Aires : Canal Encuentro, 2007.
Series:Colección Encuentro ; 12
Materias:
Etiquetas: Agregar Etiqueta
Sin Etiquetas, Sea el primero en etiquetar este registro!
LEADER 01605ngm a22002895a 4500
001 CEM.cems021043
008 240417s2007####ag#---############vlund#d
005 20240417214039.0
245 1 0 |a Paseando con los dinosaurios  |h [videograbación] /  |c Canal Encuentro. 
260 |a Buenos Aires :  |b Canal Encuentro,  |c 2007. 
300 |a 30'. 
490 1 |a Colección Encuentro ;  |v 12 
520 |a ¿Cómo se originó el mundo? ¿Quiénes fueron sus primeros habitantes? Hubo un tiempo en que los grandes reptiles gobernaron el mundo terrestre, aéreo y marino. Paseando con los dinosaurios da vida a estas enormes criaturas que precedieron a los animales que nos rodean. Una producción de la BBC que recrea con absoluta precisión la aparición y la evolución de esta especie, hasta su abrupta desaparición. 
505 0 |a CAPÍTULOS INCLUÍDOS EN EL DVD -- 1. Sangre nueva -- 2. Un tiempo de titanes -- 3. Mar cruel -- 4. Gigante de los cielos -- 5. Espíritu del hielo -- 6. Muerte de una dinastía -- Duración aproximada por capítulo 30' 
538 |a Soporte: DVD - Formato: DVD – Peso: 3.78gb - Resolución: 720 x 576 - 25fps 
110 2 |a Canal Encuentro. 
700 1 |a Lippenholtz, Betina; Productora delegada. 
700 1 |a Gómez Ortega, Mateo; Dirección general del proyecto. 
710 2 |a Ministerio de Educación Ciencia y Tecnología. 
710 2 |a Educ.ar. 
710 2 |a BBC. 
653 |a CIENCIAS NATURALES 
653 |a PREHISTORIA 
653 |a DINOSAURIOS 
653 |a NATURALEZA 
653 |a ORIGEN 
859 |a CEMS  |b BIB. CEMS - Depto. Recursos Didacticos  |h 982  |i ENC-12  |k DRD  |p 3368.24  |t Ej.1